Northern Africa Map Practice - Statistics

General Stats
  • This quiz has been taken 1,506 times
  • The average score is 21 of 30
Answers on the Map
Answers color-coded by a green-red scale on the quiz's map according to % correct below.
 
Answer Stats
Answer % Correct
Sudan
86%
Morocco
84%
Egypt
83%
Niger
81%
Central African Republic
80%
South Sudan
80%
Ethiopia
79%
Algeria
77%
Chad
77%
Libya
73%
Mali
73%
Mauritania
73%
Nigeria
70%
Côte d'Ivoire
69%
Djibouti
69%
Somalia
69%
Benin
68%
Cameroon
68%
Tunisia
68%
Eritrea
66%
Ghana
65%
Togo
65%
Senegal
63%
Burkina Faso
62%
Liberia
62%
Sierra Leone
62%
Guinea
60%
Guinea-Bissau
60%
Gambia
55%
Cabo Verde
54%
No matching quizzes found
Score Distribution
Percent of People with Each Score
Percentile by Number Answered
Your Score History
You have not taken this quiz